| 000 | 00918nam a22002897a 4500 | ||
|---|---|---|---|
| 003 | CHAP | ||
| 005 | 20220329134243.0 | ||
| 008 | 971013s r 00010 d | ||
| 010 | _a17656 | ||
| 011 | _a18628 | ||
| 035 | _a22713 | ||
| 040 | _cCHAP | ||
| 090 | _aR-1348 | ||
| 100 | 0 | 0 |
_aBistráin, Pablo. _912954 |
| 245 | _aCausas de las fallas y asentamiento de suelos en los grandes embalses | ||
| 500 | _aSobretiro de : Ingeniería Hidráulica en México 25 (1) : 51-71, 1971 | ||
| 590 |
_aBATCH-UPD _b10 _c20130109 _lUCH01 _h2342 |
||
| 590 |
_aBATCH-UPD _b10 _c20130110 _lUCH01 _h1421 |
||
| 590 |
_aBATCH-UPD _b10 _c20130409 _lUCH01 _h1912 |
||
| 590 |
_aBATCH-UPD _b10 _c20130914 _lUCH01 _h0641 |
||
| 590 |
_aCONVERSION _b10 _c20130109 _lUCH01 _h1311 |
||
| 650 | 1 | 4 |
_aPresas. _991480 |
| 650 | 1 | 4 |
_aSuelos _xEstabilización. _9110359 |
| 901 | _aBK | ||
| 942 | _cREIMP | ||
| 949 |
_aR-1348 _bBC _cR _d-53126 _eTS1 _i22713 _si |
||
| 999 |
_c17656 _d17656 |
||